| 000 | 00995cab a2200241 4500 | ||
|---|---|---|---|
| 001 | X3906 | ||
| 008 | 090401t1997 xxu||||| |||| 00| 0 eng d | ||
| 035 | _a(Sirsi) u33681 | ||
| 041 | _aeng | ||
| 245 | _aDerbyshire CC and R.J. Budge (Mining) Ltd | ||
| 260 | _c1997 | ||
| 350 | _a0 | ||
| 490 |
_aPlanning Appeal Decisions _v[1997] 12 PAD 81-94(14) |
||
| 520 | _aOpencast coal - restoration to agricultural land and woodland - green belt - reclamation of former waste tip - whether appropriate in green belt - impact on landscape - residential amenities - noise and disturbance - structure and local plans - conditions. Costs - appellants` application - whether council justified reasons by evidence - council not unreasonable. | ||
| 650 | _aDERBYSHIRE CC AND R.J. BUDGE (MINING) LTD | ||
| 650 | _aGREEN BELT | ||
| 650 | _aMINES | ||
| 650 | _aOPENCAST MINING | ||
| 650 | _aRESIDENTIAL AMENITIES | ||
| 690 | _aPLANNING LAW AND PRACTICE-CASE LAW | ||
| 942 | _n0 | ||
| 948 | _c04/03/1997 | ||
| 999 |
_c22459 _d22459 |
||